Finančný poradca podnikateľa
Salvato in:
| Natura: | Periodico |
|---|---|
| Lingua: | slovacco |
| Pubblicazione: |
Žilina
Informačné centrum podnikateľov
|
| Soggetti: | |
| Tags: |
Nessun Tag, puoi essere il primo ad aggiungerne!!
|
MARC
| LEADER | 00000nas1a22000001 4500 | ||
|---|---|---|---|
| 001 | s120059 | ||
| 005 | 20250613131858.5 | ||
| 022 | |a 1335-1516 | ||
| 041 | 0 | |a slo | |
| 044 | |a SK | ||
| 245 | 1 | 0 | |a Finančný poradca podnikateľa |
| 264 | 1 | |a Žilina |b Informačné centrum podnikateľov | |
| 500 | |a Od r. 1999 zmena názvu: Finančný radca | ||
| 610 | 2 | 0 | |a trh finančný |
| 610 | 2 | 0 | |a financie |